Kamusi ya methali za Kiswahili / (Record no. 29422)

000 -LEADER
fixed length control field 01083cam a2200313 a 4500
001 - CONTROL NUMBER
control field 16884018
003 - CONTROL NUMBER IDENTIFIER
control field OSt
005 - DATE AND TIME OF LATEST TRANSACTION
control field 20171205194238.0
008 - FIXED-LENGTH DATA ELEMENTS--GENERAL INFORMATION
fixed length control field 110722s2008 ke d 000 0 swa
010 ## - LIBRARY OF CONGRESS CONTROL NUMBER
LC control number 2011343500
020 ## - INTERNATIONAL STANDARD BOOK NUMBER
International Standard Book Number 9789966464460
020 ## - INTERNATIONAL STANDARD BOOK NUMBER
Canceled/invalid ISBN 9789966464468
040 ## - CATALOGING SOURCE
Original cataloging agency DLC
Transcribing agency DLC
041 0# - LANGUAGE CODE
Language code of text/sound track or separate title swa
042 ## - AUTHENTICATION CODE
Authentication code pcc
-- lcode
050 00 - LIBRARY OF CONGRESS CALL NUMBER
Classification number PL8703
Item number .K49 2008
100 1# - MAIN ENTRY--PERSONAL NAME
Personal name King'ei, Kitula G.
245 10 - TITLE STATEMENT
Title Kamusi ya methali za Kiswahili /
Statement of responsibility, etc. Kitula King'ei na Ahmed Ndalu.
250 ## - EDITION STATEMENT
Edition statement Toleo jipya.
260 ## - PUBLICATION, DISTRIBUTION, ETC. (IMPRINT)
Place of publication, distribution, etc. Nairobi :
Name of publisher, distributor, etc. East African Educational Pubilshers,
Date of publication, distribution, etc. 2008
Date of manufacture (2010 printing)
300 ## - PHYSICAL DESCRIPTION
Extent ix, 372 p. ;
Dimensions 22 cm.
520 ## - SUMMARY, ETC.
Summary, etc. A dictionary of Swahili proverbs and their usage.
546 ## - LANGUAGE NOTE
Language note In Swahili.
650 #0 - SUBJECT ADDED ENTRY--TOPICAL TERM
Topical term or geographic name as entry element Swahili language
General subdivision Glossaries, vocabularies, etc.
700 1# - ADDED ENTRY--PERSONAL NAME
Personal name Ndalu, Ahmed E.
906 ## - LOCAL DATA ELEMENT F, LDF (RLIN)
a 7
b cbc
c origcop
d 2
e ncip
f 20
g y-gencatlg
942 ## - ADDED ENTRY ELEMENTS (KOHA)
Source of classification or shelving scheme
Koha item type Reference Material
Classification part PL 8703 .K56 2016
Holdings
Withdrawn status Lost status Source of classification or shelving scheme Damaged status Not for loan Home library Current library Shelving location Date acquired Source of acquisition Cost, normal purchase price Total Checkouts Full call number Barcode Date last seen Price effective from Koha item type
          MACHAKOS UNIVERSITY LIBRARY MACHAKOS UNIVERSITY LIBRARY Reference 05/12/2017 PURCHASE (TEXTBOOK) 637.00   PL 8703 .K56 2016 37905 17/11/2018 05/12/2017 Reference Material
          MACHAKOS UNIVERSITY LIBRARY MACHAKOS UNIVERSITY LIBRARY Reference 05/12/2017 PURCHASE (TEXTBOOK) 637.00   PL 8703 .K56 2016 37906 07/02/2020 05/12/2017 Reference Material
          MACHAKOS UNIVERSITY LIBRARY MACHAKOS UNIVERSITY LIBRARY Reference 05/12/2017 PURCHASE (TEXTBOOK) 637.00   PL 8703 .K56 2016 37907 16/04/2026 05/12/2017 Reference Material
          MACHAKOS UNIVERSITY LIBRARY MACHAKOS UNIVERSITY LIBRARY Reference 05/12/2017 PURCHASE (TEXTBOOK) 637.00   PL 8703 .K56 2016 37908 24/01/2020 05/12/2017 Reference Material
          MACHAKOS UNIVERSITY LIBRARY MACHAKOS UNIVERSITY LIBRARY Reference 05/12/2017 PURCHASE (TEXTBOOK) 637.00   PL 8703 .K56 2016 37909 05/01/2021 05/12/2017 Reference Material
© Machakos University Library, Along The Highway, Machakos Wote Rd, Machakos, Kenya P.O. Box 136 - 90100 Machakos - Kenya

Tel: ( +254 ) 723 805829 OR Fax : 044-20353 OR Email: library@mksu.ac.ke